000 00555nam a2200193Ia 4500
003 IN-BaIIA
008 211028s9999 xx 000 0 eng d
040 _cIIA Library
080 _a621.38
_bKAZ
100 _aKazan, B
_96567
245 0 _aElectronic image storage
_cB. Kazan and M. Knoll; With contributions by W. Harth
260 _aNew York,
_bAcademic Press
_c1968
300 _axiii, 498p.
650 _aElectronic Image Storage
_96568
650 _aImage Processing
_96569
700 _aHarth, W
_96570
700 _aKnoll, Max
_96571
942 _cBK
999 _c3700
_d3700